000 00893nam a2200265Ia 4500
005 20220317001356.0
008 161108s9999 ck g 000 0 spa
020 _a77073496213294
082 0 4 _a362.767
_bF27p
100 1 _aFernández de los Campos, Aida Elia
245 1 3 _aLa prevención del maltrato intrafamiliar a los niños
_cAida Elia Fernández de los campos
250 _a1a. edición
300 _av, 306 páginas
_c24 cm
500 _aIncluye índice alfabético
650 1 4 _2LEMB
_aAbuso de menores
_xPrevención
650 1 4 _2LEMB
_aViolencia en niños
650 1 4 _2LEMB
_aDerechos del niño
650 1 4 _2LEMB
_aVictimas de la violencia familiar
942 _2ddc
_cBK
264 _aBogotá
_bLeyer
336 _atexto
_btxt
_2rdacontent
337 _asin mediación
_bn
_2rdamedia
338 _avolumen
_bnc
_2rdacarrier
040 _aCO-BoRNBP
_bspa
_erda
_cCO-BoRNBP
999 _c6781
_d6781